000 00195nam a2200085Ia 4500
008 221123s9999 xx 000 0 und d
100 _aARNOLD E
_9168529
245 0 _aMEN`S GYMNASTICS
942 _cBK
_w561
_xJohn Tresidder
_y561
_zJohn Tresidder
999 _c739063
_d739062